Tren nocturno a París
Uloženo v:
| Hlavní autor: | |
|---|---|
| Médium: | Kniha |
| Jazyk: | španělština |
| Vydáno: |
Buenos Aires
Jackson de Ediciones Selectas
1954
|
| Témata: | |
| Tagy: |
Přidat tag
Žádné tagy, Buďte první, kdo vytvoří štítek k tomuto záznamu!
|
MARC
| LEADER | 00000nam a2200000 a 4500 | ||
|---|---|---|---|
| 001 | UCQ3912 | ||
| 003 | CL-VaPUC | ||
| 008 | 980828e19540000AG |||||||||||||||||spa|d | ||
| 082 | 0 | 4 | |a 823 |b COL |2 21 |
| 100 | 0 | |a Coles, Manning |e author |9 418108 | |
| 245 | 1 | 0 | |a Tren nocturno a París |
| 300 | |a 207 p | ||
| 942 | |c BK | ||
| 945 | |d 19980828 00:00:00 |a crobeson | ||
| 260 | |a Buenos Aires |b Jackson de Ediciones Selectas |c 1954 | ||
| 650 | 0 | |a Novelas inglesas |9 265220 | |
| 650 | 0 | |a Literatura inglesa |9 312907 | |
| 583 | |a last modification |c 19980828 00:00:00 |k Rodrigo Vera | ||
| 999 | |c 274423 |d 274421 | ||
| 952 | |0 0 |1 0 |4 0 |6 823_000000000000000_COL_1954 |7 0 |8 A |9 310583 |a BIBEDU |b BIBEDU |d 2019-11-20 |i 1459627 |o 823 COL 1954 |p 1459627 |r 2019-11-20 |w 2019-11-20 |y BK |k LIT | ||